000 00749naa a22002297u 4500
001 20340
003 HDC
007 cr bn ---aaaaa
008 210305t200901 xx 000 0 eng
040 _aHDC
245 0 _aUp to UMNO Delegates to Choose
260 _a[No place] :
_b[publisher not identified],
_c2009
336 _atext
_2rdacontent
337 _acomputer
_2rdamedia
338 _aonline resource
_2rdacarrier
650 _aElections
_zMalaysia
_918408
650 _aPolitical parties
_xUMNO
_918409
856 _zRequest full-text at [email protected]
942 _2lcc
942 _cEIJ
942 _kEMAG 000879
999 _c17656
_d17656